| 000 | 00440nam a2200181Ia 4500 | ||
|---|---|---|---|
| 008 | 090124s9999 xx 000 0 und d | ||
| 082 | _b13058 | ||
| 100 | _aGARGI BALWANT | ||
| 245 | _aTHE NAKED TRIANGLE | ||
| 250 | _a0 | ||
| 260 |
_bVIKAS PUBLISHING HOUSE PVT LTD _c1979 |
||
| 300 | _a168 | ||
| 600 | _aGARGI BALWANT | ||
| 630 | _aTHE NAKED TRIANGLE | ||
| 700 | _aGARGI BALWANT | ||
| 730 | _aTHE NAKED TRIANGLE | ||
| 942 | _cBOOK | ||
| 999 |
_c87382 _d87382 |
||